House price index (Record no. 112476)
[ view plain ]
| 000 -LEADER | |
|---|---|
| fixed length control field | 01603cad a22002415a 4500 |
| 001 - CONTROL NUMBER | |
| control field | L153340 |
| 008 - FIXED-LENGTH DATA ELEMENTS--GENERAL INFORMATION | |
| fixed length control field | 110712e20110712xxkd f s f000 0 eng d |
| 035 ## - SYSTEM CONTROL NUMBER | |
| System control number | (Sirsi) u153340 |
| 041 0# - LANGUAGE CODE | |
| Language code of text/sound track or separate title | eng |
| 050 04 - LIBRARY OF CONGRESS CALL NUMBER | |
| Classification number | 333.33 $2 18 |
| 110 1# - MAIN ENTRY--CORPORATE NAME | |
| Corporate name or jurisdiction name as entry element | United Kingdom |
| Subordinate unit | Department for Communities and Local Government |
| 9 (RLIN) | 4939 |
| 245 00 - TITLE STATEMENT | |
| Title | House price index |
| Remainder of title | May 2011 |
| Medium | [electronic resource] |
| 260 ## - PUBLICATION, DISTRIBUTION, ETC. | |
| Place of publication, distribution, etc. | London |
| Name of publisher, distributor, etc. | DCLG |
| Date of publication, distribution, etc. | 2011 |
| 490 #0 - SERIES STATEMENT | |
| Series statement | DCLG House Price Index |
| Volume/sequential designation | May 2011 |
| 520 ## - SUMMARY, ETC. | |
| Summary, etc. | UK house prices decreased by 1.6% since May 2010 and by 0.5% since April 2011. The mix-adjusted average house price was £203 528 in May 2011 (not seasonally adjusted). UK house prices fell by 0.1% in the quarter ending April 2011 as well as a decrease of 0.3% in the quarter ending February 2011(seasonally adjusted). Annual average house prices fell by 1.3% in England, 2.5% in Scotland, 6.1% in Wales and 13.2% in Northern Ireland. Annual average house prices paid by first time buyers in May 2011 were 2.1% lower than a year ago. Average house prices paid by former owner occupiers decreased by 1.4%. Annual average house prices paid for new properties in May 2011 were 7.8% higher than a year ago. By comparison average house prices paid on pre-owned dwellings were 2.3% lower. |
| 521 ## - TARGET AUDIENCE NOTE | |
| Target audience note | Advanced |
| 590 ## - LOCAL NOTE (RLIN) | |
| Local note | KA NTK |
| 650 24 - SUBJECT ADDED ENTRY--TOPICAL TERM | |
| Topical term or geographic name entry element | DCLG HOUSE PRICE INDEX |
| 651 #4 - SUBJECT ADDED ENTRY--GEOGRAPHIC NAME | |
| Geographic name | United Kingdom |
| Chronological subdivision | |
| 690 ## - LOCAL SUBJECT ADDED ENTRY--TOPICAL TERM (OCLC, RLIN) | |
| Topical term or geographic name as entry element | PROPERTY-RESIDENTIAL PROPERTY-RESIDENTIAL PROPERTY MARKET |
| 856 40 - ELECTRONIC LOCATION AND ACCESS | |
| Uniform Resource Identifier | <a href="https://www.communities.gov.uk/documents/statistics/pdf/1942653.pdf">https://www.communities.gov.uk/documents/statistics/pdf/1942653.pdf</a> |
| Public note | View this item free of charge at www.communities.gov.uk |
| 942 ## - ADDED ENTRY ELEMENTS (KOHA) | |
| Suppress in OPAC | 0 |
| Withdrawn status | Lost status | Source of classification or shelving scheme | Damaged status | Not for loan | Home library | Current library | Shelving location | Date acquired | Total Checkouts | Full call number | Barcode | Date last seen | Copy number | Price effective from | Koha item type |
|---|---|---|---|---|---|---|---|---|---|---|---|---|---|---|---|
| Dewey Decimal Classification | Virtual | Virtual | Online | 12/07/2011 | ONLINE PUBLICATION | 153340-2001 | 06/08/2019 | 1 | 06/08/2019 | Book |